ਦੋਸਤੀ / (Record no. 110305)

MARC details
000 -LEADER
fixed length control field 00912nam a22002537a 4500
005 - DATE AND TIME OF LATEST TRANSACTION
control field 20170123164150.0
010 ## - LIBRARY OF CONGRESS CONTROL NUMBER
LC control number B-071308
020 ## - INTERNATIONAL STANDARD BOOK NUMBER
Terms of availability 100.00
035 ## - SYSTEM CONTROL NUMBER
System control number B-071308
037 ## - SOURCE OF ACQUISITION
Stock number Cen Lib / Ret
040 ## - CATALOGING SOURCE
Original cataloging agency DPL
Language of cataloging PN
082 ## - DEWEY DECIMAL CLASSIFICATION NUMBER
Classification number 851
Item number ਸਵਰ
100 ## - MAIN ENTRY--PERSONAL NAME
Personal name ਸਵਰਨ ਸਿੰਘ ਪਰਵਾਨਾ
9 (RLIN) 43626
245 ## - TITLE STATEMENT
Title ਦੋਸਤੀ /
Remainder of title ਸਵਾਰਨ ਸਿੰਘ ਪਰਵਾਨਾ
246 ## - VARYING FORM OF TITLE
Title proper/short title Dosti /
Remainder of title Swarn Singh Parwana
260 ## - PUBLICATION, DISTRIBUTION, ETC. (IMPRINT)
Place of publication, distribution, etc ਲੁਧਿਆਣਾ
Name of publisher, distributor, etc ਚੇਤਨਾ ਪ੍ਰਕਾਸ਼ਨ
Date of publication, distribution, etc 2003
270 ## - ADDRESS
Address ਪੰਜਾਬੀ ਭਵਨ
City ਲੁਧਿਆਣਾ
300 ## - PHYSICAL DESCRIPTION
Extent 96p.
Dimensions 22cm(Hb)
650 ## - SUBJECT ADDED ENTRY--TOPICAL TERM
Topical term or geographic name as entry element ਪੰਜਾਬੀ - ਕਵਿਤਾਵਾਂ
9 (RLIN) 128501
650 ## - SUBJECT ADDED ENTRY--TOPICAL TERM
Topical term or geographic name as entry element ਸਾਹਿਤ -- ਪੰਜਾਬੀ
9 (RLIN) 128502
650 ## - SUBJECT ADDED ENTRY--TOPICAL TERM
Topical term or geographic name as entry element Punjabi poetry
9 (RLIN) 128503
650 ## - SUBJECT ADDED ENTRY--TOPICAL TERM
Topical term or geographic name as entry element Literature -- Punjabi
9 (RLIN) 128504
942 ## - ADDED ENTRY ELEMENTS (KOHA)
Source of classification or shelving scheme Dewey Decimal Classification
Koha item type Punjabi Bks
Classification part 851
Call number suffix ਸਵਰ
Holdings
Withdrawn status Lost status Damaged status Not for loan Home library Current library Date acquired Source of acquisition Cost, normal purchase price Total Checkouts Full call number Barcode Date last seen Copy number Cost, replacement price Price effective from Koha item type
        Central Library Central Library 19/01/2016 Cen Lib/Ret 100.00   851 ਸਵਰ B-071308 19/01/2016 1 100.00 15/09/2016 Punjabi Bks

© Delhi Public Library
Hit Counter
free hit counter